| 000 | 01221nam a22003014a 4500 | ||
|---|---|---|---|
| 001 | ebr10103733 | ||
| 003 | CaPaEBR | ||
| 006 | m u | ||
| 007 | cr cn||||||||| | ||
| 008 | 021127s2003 enk sb 001 0 eng | ||
| 010 | _z 2002193091 | ||
| 020 | _z0333993993 (hard) | ||
| 040 |
_aCaPaEBR _cCaPaEBR |
||
| 035 | _a(OCoLC)70736056 | ||
| 050 | 1 | 4 |
_aB2799.E8 _bB275 2003eb |
| 082 | 0 | 4 |
_a170/.92 _221 |
| 100 | 1 |
_aBanham, Gary, _d1965- |
|
| 245 | 1 | 0 |
_aKant's practical philosophy _h[electronic resource] : _bfrom critique to doctrine / _cGary Banham. |
| 260 |
_aHoundmills, Basingstoke, Hampshire ; _aNew York : _bPalgrave Macmillan, _c2003. |
||
| 300 | _aix, 270 p. | ||
| 504 | _aIncludes bibliographical references (p. 259-264) and index. | ||
| 533 |
_aElectronic reproduction. _bPalo Alto, Calif. : _cebrary, _d2013. _nAvailable via World Wide Web. _nAccess may be limited to ebrary affiliated libraries. |
||
| 600 | 1 | 0 |
_aKant, Immanuel, _d1724-1804 _xEthics. |
| 650 | 0 |
_aEthics, Modern _y18th century. |
|
| 655 | 7 |
_aElectronic books. _2local |
|
| 710 | 2 | _aebrary, Inc. | |
| 856 | 4 | 0 |
_uhttp://site.ebrary.com/lib/rucke/Doc?id=10103733 _zAn electronic book accessible through the World Wide Web; click to view |
| 999 |
_c206394 _d206394 |
||